| 000 | 01004nam a2200313Ia 4500 | ||
|---|---|---|---|
| 001 | dia_7761 | ||
| 003 | CHAP | ||
| 005 | 20260306062803.0 | ||
| 008 | 220117s2016 xx 000 0 und d | ||
| 010 | _a179227 | ||
| 040 | _cCHAP | ||
| 082 | _a641.25 C66 2016 | ||
| 110 | 2 |
_aUniversidad Autónoma Chapingo _9143749 |
|
| 245 |
_aCompendio de materiales de apoyo para el desarrollo de la producción de mezcal artesanal / _c dirección Santos Martínez Tenorio |
||
| 260 |
_aMéxico : _b UACh, _c2016 |
||
| 300 | _avii, 200 p. | ||
| 503 | _aD. | ||
| 504 | _aIncluye bibliografías | ||
| 590 | _aHD9393.6.M62 C66 2016 | ||
| 650 | 0 |
_aAlcoholes etílicos _9163436 |
|
| 650 |
_aDistilled spirits _xMexico _9163437 |
||
| 650 |
_aMezcal _xMexico _9156698 |
||
| 650 |
_aMezcal _xMéxico _9156698 |
||
| 710 | 2 |
_aUniversidad Autónoma Chapingo _9143749 |
|
| 901 | _a641.25 C66 2016 | ||
| 902 | _aA | ||
| 905 | _a5232272016 mx bin 8223223322spa16 | ||
| 942 |
_cLIBRO _2ddc |
||
| 999 |
_c179227 _d179227 |
||